| 000 | 00378nam a2200133Ia 4500 | ||
|---|---|---|---|
| 008 | 250703s9999 xx 000 0 und d | ||
| 020 | _a9789382951162 | ||
| 100 | _a ASTILL, JAMES | ||
| 245 | 4 | _aTHE GREAT TAMASHA CRICKET CORRUPTION AND THE TURBULENT RISE OF MODERN INDIA | |
| 260 |
_bBLOOMSBURY PUBLISHING, LONDON _c2013 |
||
| 300 | _a290 | ||
| 650 | _aGeneral | ||
| 942 | _cBK | ||
| 999 |
_c222018 _d222018 |
||